<?xml version="1.0" encoding="UTF-8"?>
<record
    xmlns:xsi="http://www.w3.org/2001/XMLSchema-instance"
    xsi:schemaLocation="http://www.loc.gov/MARC21/slim http://www.loc.gov/standards/marcxml/schema/MARC21slim.xsd"
    xmlns="http://www.loc.gov/MARC21/slim">

  <leader>01766nam a22002775a 4500</leader>
  <controlfield tag="001">14587758</controlfield>
  <controlfield tag="003">OSt</controlfield>
  <controlfield tag="005">20211123154353.0</controlfield>
  <controlfield tag="008">061007s2007    mau           000 0 eng  </controlfield>
  <datafield tag="010" ind1=" " ind2=" ">
    <subfield code="a">  2006936066</subfield>
  </datafield>
  <datafield tag="020" ind1=" " ind2=" ">
    <subfield code="a">9780618645176</subfield>
  </datafield>
  <datafield tag="020" ind1=" " ind2=" ">
    <subfield code="a">0618645179</subfield>
  </datafield>
  <datafield tag="040" ind1=" " ind2=" ">
    <subfield code="a">DLC</subfield>
    <subfield code="c">LC</subfield>
  </datafield>
  <datafield tag="050" ind1=" " ind2=" ">
    <subfield code="a">HD30.3.O12(2e)</subfield>
  </datafield>
  <datafield tag="100" ind1="1" ind2=" ">
    <subfield code="a">Ober, Scot.</subfield>
  </datafield>
  <datafield tag="245" ind1="1" ind2="0">
    <subfield code="a">Fundamentals of contemporary business communication. /</subfield>
    <subfield code="c">Scot Ober.</subfield>
  </datafield>
  <datafield tag="250" ind1=" " ind2=" ">
    <subfield code="a">2nd ed.</subfield>
  </datafield>
  <datafield tag="260" ind1=" " ind2=" ">
    <subfield code="a">Boston, New York:</subfield>
    <subfield code="b">Houghton Mifflin Co.,</subfield>
    <subfield code="c">2007.</subfield>
  </datafield>
  <datafield tag="300" ind1=" " ind2=" ">
    <subfield code="a">xvii; 446p</subfield>
  </datafield>
  <datafield tag="500" ind1=" " ind2=" ">
    <subfield code="a">Includes index.</subfield>
  </datafield>
  <datafield tag="505" ind1=" " ind2=" ">
    <subfield code="a">Contents:1. Foundation of business communication: Understanding business communication -- Contemporary issues in business communication interpersonal communication skills -- 2. Developing your business writing skills: The writing process -- revising your writing -- 3. Correspondence: Routine letters, memos, and E-mail messages -- Persuasive letters, memos, and E-mail messages -- Bad-news letters, memos, and E-mails messages -- 4. Written and oral business reports: Planning the business report and managing data -- Writing the business report -- Making oral presentations -- 5. Employment communication: The job search, resumes, and job-application letters -- Employment interviewing and follow-up -- 6. Developing your business English skills: Module A: Business sentence structure -- Module B: Business-style punctuation -- Module C: Verbs and subject-verb agreement  Module D: Using pronouns, adjectives, and adverbs Module E: Mechanics in business writing                                                              </subfield>
  </datafield>
  <datafield tag="650" ind1=" " ind2=" ">
    <subfield code="2">Business communication</subfield>
  </datafield>
  <datafield tag="906" ind1=" " ind2=" ">
    <subfield code="a">0</subfield>
    <subfield code="b">ibc</subfield>
    <subfield code="c">orignew</subfield>
    <subfield code="d">2</subfield>
    <subfield code="e">epcn</subfield>
    <subfield code="f">20</subfield>
    <subfield code="g">y-gencatlg</subfield>
  </datafield>
  <datafield tag="942" ind1=" " ind2=" ">
    <subfield code="2">lcc</subfield>
    <subfield code="c">BK</subfield>
  </datafield>
  <datafield tag="999" ind1=" " ind2=" ">
    <subfield code="c">8085</subfield>
    <subfield code="d">15585</subfield>
  </datafield>
  <datafield tag="952" ind1=" " ind2=" ">
    <subfield code="0">0</subfield>
    <subfield code="1">0</subfield>
    <subfield code="2">lcc</subfield>
    <subfield code="4">0</subfield>
    <subfield code="7">0</subfield>
    <subfield code="a">WIUC-KL</subfield>
    <subfield code="b">WIUC-KL</subfield>
    <subfield code="c">GEN</subfield>
    <subfield code="d">2019-11-13</subfield>
    <subfield code="o">HD30.3.O12(2e)</subfield>
    <subfield code="p">K/2121/2121/19</subfield>
    <subfield code="r">2021-11-22 00:00:00</subfield>
    <subfield code="t">1</subfield>
    <subfield code="w">2021-11-22</subfield>
    <subfield code="y">BK</subfield>
  </datafield>
  <datafield tag="952" ind1=" " ind2=" ">
    <subfield code="0">0</subfield>
    <subfield code="1">0</subfield>
    <subfield code="2">lcc</subfield>
    <subfield code="4">0</subfield>
    <subfield code="7">0</subfield>
    <subfield code="a">WIUC-KL</subfield>
    <subfield code="b">WIUC-KL</subfield>
    <subfield code="c">GEN</subfield>
    <subfield code="d">2019-11-13</subfield>
    <subfield code="o">HD30.3.O121(2e)</subfield>
    <subfield code="p">K/2122/2122/19</subfield>
    <subfield code="r">2021-11-22 00:00:00</subfield>
    <subfield code="t">2</subfield>
    <subfield code="w">2021-11-22</subfield>
    <subfield code="y">BK</subfield>
  </datafield>
  <datafield tag="952" ind1=" " ind2=" ">
    <subfield code="0">0</subfield>
    <subfield code="1">0</subfield>
    <subfield code="2">lcc</subfield>
    <subfield code="4">0</subfield>
    <subfield code="7">0</subfield>
    <subfield code="a">WIUC-KL</subfield>
    <subfield code="b">WIUC-KL</subfield>
    <subfield code="c">GEN</subfield>
    <subfield code="d">2019-11-13</subfield>
    <subfield code="o">HD30.3.O122(2e)</subfield>
    <subfield code="p">K/2123/2123/19</subfield>
    <subfield code="r">2021-11-22 00:00:00</subfield>
    <subfield code="t">3</subfield>
    <subfield code="w">2021-11-22</subfield>
    <subfield code="y">BK</subfield>
  </datafield>
</record>
